|
|
|
|
| LEADER |
00000nam a2200000 a 4500 |
| 001 |
vtls001426950 |
| 003 |
SK-MaSNL |
| 005 |
20260302001809.0 |
| 008 |
240318s2001 xo r slo |
| 015 |
|
|
|a SNBA2002/05-01705
|
| 020 |
|
|
|a 8055101167
|
| 035 |
|
|
|a SNK000381908
|
| 035 |
|
|
|a urn:nbn:sk:snk-amk3rt
|
| 035 |
|
|
|a urn:nbn:sk:snk-am005d8q
|
| 035 |
|
|
|a 7FFED55A-6421-4BEC-90A0-0DF09A47632D
|
| 040 |
|
|
|a SNK
|b slo
|c SNK
|e AACR2
|
| 041 |
0 |
|
|a slo
|
| 044 |
|
|
|a xo
|c SK
|
| 080 |
|
|
|a 613.1
|2 1981
|
| 100 |
1 |
|
|a Treutwein, Norbert
|4 aut
|9 638260
|
| 240 |
1 |
0 |
|a Mir geht's gut bei jedem Wetter
|l Slovensky
|
| 245 |
1 |
0 |
|a Pohoda za každého počasia
|b rady pre ľudí citlivých na počasie : magnetizmus, žiarenie a elektrický prúd
|c Norbert Treutwein ; [z nemeckého originálu preložila Ľuba Tvarožková]
|
| 260 |
|
|
|a Bratislava
|b Ikar
|c 2001
|
| 300 |
|
|
|a 159 s.
|c 21 cm
|
| 490 |
1 |
|
|a Moderná zdravotná osveta
|
| 500 |
|
|
|a Údaj o prekl. prevzatý z rubu tit. strany
|
| 500 |
|
|
|a Vyd. pre Media klub, Bratislava
|
| 504 |
|
|
|a Bibliogr. s. 159
|
| 650 |
0 |
7 |
|a počasie
|x zmeny
|x stav zdravotný
|x vplyvy
|2 SNK
|9 638261
|
| 650 |
0 |
7 |
|a zdravie
|x zmeny počasie
|x vplyvy
|2 SNK
|9 638262
|
| 655 |
|
7 |
|a príručky
|2 SNK
|9 74364
|
| 700 |
1 |
|
|a Tvarožková, Ľuba
|4 trl
|9 11153
|
| 830 |
|
0 |
|a Moderná zdravotná osveta
|9 294376
|
| 919 |
|
|
|a 80-551-0116-7
|
| 958 |
|
|
|a TL
|
| 958 |
|
|
|a OP
|
| 958 |
|
|
|a NS
|
| 958 |
|
|
|a NB
|
| 968 |
|
|
|b DT
|
| 999 |
|
|
|c 985335
|d 987265
|
| 952 |
|
|
|t P60, <03>, [BOOK], {603}
|a SNK
|b SNK
|y PREZ
|7 0
|p 17A0328070
|o snkSC 106988
|i snkKSP 423/2002
|0 0
|1 0
|4 0
|d 2002-01-15
|f 1
|l 0
|r 2025-09-26 00:00:00
|w 2026-02-24
|
| 952 |
|
|
|t P60, <04>, [BOOK], {604}
|a SNK
|b SNK
|y VYP
|7 0
|p 17A0328071
|o snkSC 106988 D1
|i snkKSP 424/2002
|0 0
|1 0
|4 0
|d 2002-01-15
|l 0
|r 2005-01-02 00:00:00
|w 2026-02-24
|